Statistics for Geography by Picture - N

Click here to take the quiz!

General Stats

  • This quiz has been taken 17,478 times
    (17,416 since last reset)
  • The average score is 13 of 18

Answer Stats

Answer% Correct
New York City
100%
Nile
96%
Netherlands
93%
Niagara Falls
91%
Naples
87%
Nigeria
86%
Notre Dame
82%
Norway
81%
Newfoundland
71%
New South Wales
69%
Nevada
68%
Normandy
62%
New Delhi
61%
Namibia
60%
Nuremberg
53%
Nottingham
45%
New Orleans
45%
Northumberland
36%

Score Distribution

Percentile by Number Answered

Percent of People with Each Score

Your Score History

You have not taken this quiz since the last reset